000 00649nam a2200193Ia 4500
008 151121s9999||||xx |||||||||||||| ||und||
082 _a813/म्हात्रे
082 _bHNW-60682
100 _aम्हात्रे शैलजा सतीश
245 _aमानसकन्या
260 _b"सरस प्रकाशन, वसई।"
260 _c--
300 _a103
600 _aम्हात्रे शैलजा सतीश
630 _aमानसकन्या
700 _aम्हात्रे शैलजा सतीश
730 _aमानसकन्या
942 _cBOOK
999 _c1242231
_d1242228